|
|
|
|
| LEADER |
01298nam a2200265 a 4500 |
| 001 |
2420423 |
| 008 |
091105s1987 enka b 001 0 eng d |
| 010 |
|
|
|a \\\87000471
|
| 020 |
|
|
|a 0709915586 :
|c $43.00
|
| 040 |
|
|
|a DLC
|c DLC
|d DLC
|
| 082 |
0 |
0 |
|a 338.1/09172/4
|2 19
|
| 100 |
1 |
|
|a Kinsey, B. H.
|
| 245 |
1 |
0 |
|a Agribusiness and rural enterprise /
|c B.H. Kinsey.
|
| 260 |
|
|
|a London ;
|a New York :
|b Croom Helm,
|c c1987.
|
| 300 |
|
|
|a xii, 228 p. :
|b ill. ;
|c 23 cm.
|
| 500 |
|
|
|a Authorized revision of a reference manual prepared under contract for the Agribusiness Division in the Office of Agriculture of the United States Agency for International Development.
|
| 504 |
|
|
|a Includes bibliographical references (p. 219-223) and index.
|
| 541 |
1 |
|
|e 00004245
|
| 650 |
|
0 |
|a Agricultural industries
|z Developing countries.
|
| 650 |
|
0 |
|a Small business
|z Developing countries.
|
| 650 |
|
0 |
|a Rural development projects
|z Developing countries.
|
| 710 |
1 |
|
|a United States.
|b Agency for International Development.
|b Agribusiness Division.
|
| 852 |
4 |
|
|a Ayesha Abed Library
|j General shelf
|
| 999 |
|
|
|c 5144
|d 5144
|
| 952 |
|
|
|0 0
|1 0
|2 ddc
|4 0
|6 338_109172400000000_KIN_1987
|7 0
|9 5009
|a BRACUL
|b BRACUL
|c GEN
|d 2009-11-07
|g 0.00
|l 0
|o 338.1091724 KIN
|p 3010004245
|r 2009-11-07
|t 1
|w 2009-11-07
|y BK
|x No price found in the accession register.
|